000 00531nam a2200181 i 4500
001 74699
003 ES-MaACL
005 20230906172222.0
007 t|
008 040920s1964 sp ||||1| spa d
100 1 _aGordo Moreno, Angel.
_959152
245 1 0 _aAmor, risas y lágrimas /
_cpor "Alferez" Angel Gordo Moreno.
250 _a[1ª ed.].
260 _a[Madrid :
_bs.n.,
_c1964] (
_fArtes Gráficas C.I.M.)
300 _a133 p. ;
_c17 cm.
852 _aES-MaACL
_jC-26126
_bR.54765
852 _aES-MaACL
_jC-27060
_bR.55996
999 _c74699
_d74699